000 00589nam a2200229Ia 4500
003 OSt
005 20220928101751.0
006 a|||||r|||| 00| 0
007 ta
008 220927b |||||||| |||| 00| 0 eng d
024 _a42496
037 _cTextual
040 _aSDCL
_cSDCL
_beng
041 _2eng
_aeng
082 _aV2,933'N, N1
100 _aGhose S K
_9394937
245 0 _aBetrayal of the police
260 _aNew Delhi
_bAshish Publishing House
_c1991
300 _a124p
_ccm.
942 _hV2,933'N, N1
_cTEXL
_2CC
999 _c710551
_d710551